| 000 | 00944nam a2200277 a 4500 | ||
|---|---|---|---|
| 001 | 001556749 | ||
| 003 | AR-RoUNCS | ||
| 005 | 20251107104034.0 | ||
| 008 | 220523s2018 ag ao jr 001 0 eng | | ||
| 020 | _a978-987-615-457-4 | ||
| 040 |
_aAR-BaBN _bspa _cAR-RoUNCS _eaacr |
||
| 080 | 1 |
_a811.111(07) _22016 |
|
| 245 | 0 | 0 |
_aLook wide 1 / _cBob Hastings ... [et al.]. |
| 250 | _a[1a ed.]. | ||
| 260 |
_aCiudad Autónoma de Buenos Aires : _bPearson Education, _c2018. |
||
| 300 |
_a111 p. : _bil. col., fot. col. ; _c30 cm. |
||
| 490 | 0 | _aGlobal Scale of English | |
| 500 | _aEn tapa: «Interactive digital book free». | ||
| 500 | _aEn portada: "Student's book + workbook". | ||
| 521 | 2 | _aDestinado a estudiantes de nivel secundario. | |
| 650 | 4 |
_aINGLÉS _vLIBLOS DE TEXTO _xENSEÑANZA SECUNDARIA |
|
| 655 | 4 | _aLIBROS DE TEXTO | |
| 700 | 1 |
_aHastings, Bob _eautor |
|
| 751 |
_aBuenos Aires _elugar de publicación _4pup |
||
| 942 |
_2udc _cOG _n0 |
||
| 999 |
_c695 _d695 |
||